000 00654nam a2200217Ia 4500
005 20260429112013.0
008 260429s9999||||xx |||||||||||||| ||und||
020 _a9781032261966
041 _aEnglish
082 _a418
_bLIN
100 _aLinville, Heather A.
245 0 _aDigital storytelling as translanguaging :
_ba practical guide for language educators /
_cHeather A. Linville
250 _a1st ed.
260 _aNew Delhi :
_bRoutledge,
_c2024.
300 _axvii, 157 p.; pbk
650 _a Digital storytelling
650 _a Multilingual education
650 _aLanguage education
700 _a Vinogradova, Polina
942 _cTB
999 _c51839
_d51839